000 00678cam a2200241 a 4500
001 8980
003 BD-JhCC
005 20230731103536.0
008 180718s flua b 001 0 eng
035 _a(BD-JhCC)8980
040 _aDLC
_cDLC
_dDLC
_dBD-JhCC
041 _aeng
082 0 0 _a621.3
_223
_bKUZ
100 1 _aKuznetsov, M.
245 1 0 _aFundamentals of Electrical engineering /
_cM. Kuznetsov,
260 _aMoscow :
_bPeace,
300 _a460 P. :
_bill. ;
_c21 cm.
504 _aIncludes bibliographical references and index.
650 0 _aElectrical engineering
_vPopular works.
650 0 _aElectricity
_vPopular works.
942 _2ddc
_cBK
999 _c8980
_d8980